| 000 | 00506cam a2200217 4500 | ||
|---|---|---|---|
| 001 | D3999 | ||
| 008 | 090401t1974 xxu||||| |||| 00| 0 eng d | ||
| 035 | _a(Sirsi) u76014 | ||
| 041 | _aeng | ||
| 050 | _a346.410435 | ||
| 100 | _aGarner, J.F. | ||
| 245 | _aRights of way and access to the countryside | ||
| 250 | _a3rd | ||
| 260 |
_aLondon _bOyez _c1974 |
||
| 300 | _a133p. 21cm | ||
| 350 | _a2.5 | ||
| 490 |
_aOyez Practice Notes _v55 |
||
| 520 | _aShelf 305 | ||
| 942 | _n0 | ||
| 948 | _c04/03/1997 | ||
| 999 |
_c96107 _d96107 |
||